Estadísticas para Ciudades Globales

Haz click aquí para tomar la prueba!

Estadísticas generales

  • Esta prueba ha sido tomada 3.222 veces
  • La puntuación promedio es 51 de 82

Estadísticas de respuestas

NivelCiudad% Correcto
Alfa++Nueva York
97%
Alfa+París
96%
Alfa++Londres
95%
Beta+Berlín
93%
AlfaLos Ángeles
93%
Beta+Roma
93%
AlfaMoscú
91%
Alfa-Barcelona
90%
Alfa+Tokio
89%
AlfaBuenos Aires
89%
AlfaMadrid
87%
AlfaPekín
85%
AlfaÁmsterdam
85%
AlfaMilán
82%
Beta+Bogotá
80%
BetaOslo
80%
Alfa-Santiago
80%
AlfaSídney
80%
Beta+El Cairo
79%
Alfa-Nueva Delhi
79%
AlfaWashington D.C.
78%
Beta+Atenas
77%
Alfa-Lisboa
77%
Beta+Estocolmo
77%
AlfaBruselas
77%
BetaLima
76%
AlfaSão Paulo
75%
Alfa-Dublin
74%
AlfaSan Francisco
72%
AlfaCiudad de
México
72%
BetaCaracas
72%
Alfa-Viena
71%
Alfa-Miami
71%
AlfaSeúl
70%
AlfaBombay
70%
Alfa-Estambul
69%
Alfa-Varsovia
67%
AlfaKuala Lumpur
67%
Alfa-Múnich
66%
Beta+Praga
64%
BetaBudapest
64%
AlfaChicago
64%
AlfaToronto
64%
Alfa+Hong Kong
61%
Alfa+Singapur
60%
Alfa+Shanghái
60%
BetaKiev
59%
Alfa+Dubái
59%
Beta+Copenhague
59%
Alfa-Bangkok
58%
BetaMánchester
58%
Alfa-Boston
58%
AlfaYakarta
57%
BetaBucarest
56%
Beta+Manila
54%
Alfa-Zúrich
53%
Beta+Houston
53%
BetaCiudad del Cabo
52%
Alfa-Melbourne
51%
Alfa-Dallas
51%
AlfaFráncfort
50%
BetaMontevideo
50%
Beta+Montreal
48%
BetaSeattle
47%
Beta+Vancouver
47%
Alfa-Johannesburgo
46%
BetaRiad
46%
Alfa-Taipéi
45%
Alfa-Atlanta
44%
Beta+Hamburgo
41%
Beta+Tel Aviv
40%
Alfa-Filadelfia
39%
BetaCantón
38%
BetaLuxemburgo
34%
BetaAuckland
30%
BetaBeirut
26%
BetaKarachi
26%
Beta+Dusseldorf
23%
BetaCiudad Ho Chi Minh
22%
Beta+Bangalore
21%
BetaMinneapolis
17%
BetaChennai
17%

Distribución de puntuación

Porcentaje por número respondido

Porcentaje de gente con cada puntuación

Historial de tus puntuaciones

No has tomado esta prueba